Science Quiz

Random Science or Animal Quiz

Infrared Animals Quiz Stats

 Plays Quiz Updated Aug 8, 2016

Also try: Leaping Animals
Challenge
Share
Tweet
Score 0/20 Timer 03:00
1 Play Today
% Correct
Mouse
99.5%
Snake
99%
Butterfly
98.9%
Pig
98.9%
Dog
98.8%
Giraffe
98.7%
Elephant
98.5%
Chimpanzee
98.4%
Bats
98.3%
Horse
98.2%
% Correct
Penguin
98.1%
Lion
98%
Reindeer
98%
Hummingbird
97.6%
Ostrich
96.6%
Polar Bear
94.7%
Tortoise
93.1%
Cat
91.2%
Sloth
90.5%
Toucan
88.2%

You're not logged in!

Compare scores with friends on all Sporcle quizzes.
Join for Free
OR
Log In

You Might Also Like...

Show Comments

Extras

Top Quizzes Today


Score Distribution

Your Account Isn't Verified!

In order to create a playlist on Sporcle, you need to verify the email address you used during registration. Go to your Sporcle Settings to finish the process.

Report this User

Report this user for behavior that violates our Community Guidelines.

Details: